000 00790nam a22002777a 4500
001 9280
003 FISKH
005 20251209085332.0
008 251209b cb ||||| |||| 00| 0 eng d
020 _a9780618932788
040 _aFISKH
_beng
_cFISKH
_dFISKH
050 _aQE714 .A4
082 _a560
100 _aAliki
_eAuthor
245 _aFossil tell of long ago /
_cBy Aliki
260 _aBoston :
_bHoughton Mifflin ,
_c1972
300 _a32 pages :
_bcolor illustrations ;
_c20 x 25 cm
505 _aN
520 _aExplains how fossils are formed and what they tell us about the past.
521 8 _a540
_bLexile
521 8 _aN
_bRaz-Plus
650 _aEarth science
_vEvolution
650 _aArchaeology
_vDinosaurs & Fossils
942 _2ddc
_cBK
_n0
999 _c9280
_d9280